Local Government Reform in Estonia

Úloha miestnych estónskych samospráv. Význam miestnych samospráv pri formovaní nezávislého estónskeho štátu na začiatku 20. storočia a pri obnovení jeho nezávislosti v roku 1991. Model financovania miestnych estónskych samospráv. Demografické zmeny a urbanizácia. Príprava, časový harmonogram a jadro...

Descrizione completa

Salvato in:
Dettagli Bibliografici
Autore principale: Aas, Arto
Natura: Capitolo di libro
Lingua:inglese
Soggetti:
Tags: Aggiungi Tag
Nessun Tag, puoi essere il primo ad aggiungerne!!

MARC

LEADER 00000naa a2200000 4500
001 0257176
005 20190722132333.9
041 0 |a eng 
044 |a PL 
245 1 0 |a Local Government Reform in Estonia  |c Arto Aas 
520 |a Úloha miestnych estónskych samospráv. Význam miestnych samospráv pri formovaní nezávislého estónskeho štátu na začiatku 20. storočia a pri obnovení jeho nezávislosti v roku 1991. Model financovania miestnych estónskych samospráv. Demografické zmeny a urbanizácia. Príprava, časový harmonogram a jadro administratívnej reformy s cieľom zvyšovať schopnosti miestnych samospráv od roku 2015. Hlavné ponaučenia pri zavádzaní administratívnej reformy a jej sociálny dopad. 
610 2 0 |a Estónsko 
610 2 0 |a reformy 
610 2 0 |a vláda 
610 2 0 |a vývoj politický 
610 2 0 |a nezávislosť 
610 2 0 |a dôsledky sociálne 
610 2 0 |a financovanie 
610 2 0 |a samospráva miestna 
100 1 |a Aas, Arto